000 00198 a2200097 4500
020 _a9781558854963
041 _aeng
100 _aLantigua, John
245 _aThe Lady from Buenos Aires
942 _cBK
999 _c11016
_d11016